| Tag |
First Indicator |
Second Indicator |
Subfields |
| LEADER |
00000cam a2200000ua 4500 |
| 001 |
in00002081821 |
| 005 |
20151102140842.0 |
| 008 |
980402s1917 onca f000 0 eng d |
| 016 |
|
|
|a 986004251
|
| 020 |
|
|
|a 0665836481
|
| 040 |
|
|
|a MUQ
|b eng
|c MUQ
|d OCLCQ
|d UtOrBLW
|
| 043 |
|
|
|a n-cn---
|
| 049 |
|
|
|a TXAM
|
| 082 |
0 |
|
|a 633.1/19425
|2 20
|
| 090 |
|
|
|a S133
|b .E16 no.33
|
| 100 |
1 |
|
|a Güssow, H. T.
|q (Hans Theodor),
|d 1879-1961.
|
| 245 |
1 |
4 |
|a The black or stem rust of wheat :
|b a popular account of the nature, cause and prevention of grain rust.
|
| 264 |
|
1 |
|a Ottawa :
|b Dept. of Agriculture,
|c 1917.
|
| 336 |
|
|
|a text
|b txt
|2 rdacontent
|
| 337 |
|
|
|a unmediated
|b n
|2 rdamedia
|
| 338 |
|
|
|a volume
|b nc
|2 rdacarrier
|
| 500 |
|
|
|a At head of title: Dominion of Canada. Dept. of Agriculture. Dominion Experimental Farms. Division of Botany.
|
| 500 |
|
|
|a Attributed to H.T. Güssow--Canada. Agriculture Canada. Publications of the Canada Department of Agriculture, 1867-1974.
|
| 500 |
|
|
|a Original issued in series: Bulletin / Dominion Experimental Farms and Stations (Canada) ; 2nd series, number 33.
|
| 500 |
|
|
|a 15 pages : ill. ; 25 cm.
|
| 650 |
|
6 |
|a Rouilles des céréales
|z Canada.
|
| 650 |
|
0 |
|a Cereal rusts
|z Canada.
|
| 650 |
|
6 |
|a Rouilles du blé
|z Canada.
|
| 650 |
|
0 |
|a Wheat rusts
|z Canada.
|
| 710 |
2 |
|
|a Dominion Experimental Farms and Stations (Canada)
|
| 830 |
|
0 |
|a Bulletin (Dominion Experimental Farms and Stations (Canada)) ;
|v 2nd series, no. 33.
|
| 948 |
|
|
|a cataloged
|b h
|c 2005/10/20
|e jferguson
|f 2:59:19 pm
|
| 994 |
|
|
|a C0
|b TXA
|
| 999 |
|
|
|a MARS
|
| 999 |
f |
f |
|s 39235c97-e863-3908-84f6-7f12cb367f3a
|i 2156b786-d102-32f6-a8da-5b6c44884963
|t 0
|
| 952 |
f |
f |
|a Texas A&M University
|b College Station
|c Sterling C. Evans Library
|s Evans stk
|d Evans: Library Stacks
|t 0
|e S133 .E16 no.31-33,35-44,49
|h Library of Congress classification
|
| 998 |
f |
f |
|a S133 .E16 no.31-33,35-44,49
|t 0
|l Evans: Library Stacks
|